Socialist exhibits and Sino-Soviet relations, 1950-60
| Titel: | Socialist exhibits and Sino-Soviet relations, 1950-60 / Austin Jersild |
|---|---|
| Verfasser: | |
| In: |
Cold war history, Band 18, Heft 3 (2018), Seite 275-289 alle Artikel anzeigen |
| Veröffentlicht: | 2018 |
| Format: | Aufsatz |
| Sprache: | Englisch |
X
alg: 50647020 001A $03025:30-03-23 001B $01999:30-03-23 $t22:52:57.000 001D $03025:30-03-23 001U $0utf8 001X $00 002@ $0Oou 002C $aText $btxt $2rdacontent 002D $aComputermedien $bc $2rdamedia 002E $aOnline-Ressource $bcr $2rdacarrier 003@ $0506470202 007A $0506470202 $aHEB 009Q $uhttps://doi.org/10.1080/14682745.2018.1481047 $xH 010@ $aeng 010E $erda 011@ $a2018 021A $aSocialist exhibits and Sino-Soviet relations, 1950-60 $hAustin Jersild 028A $BVerfasser $#Jersild, Austin Thomas $#Jersild, Austin T. $4aut $7173650996 $8Jersild, Austin [Tp3] $9297822268 031A $d18 $e3 $h275-289 $j2018 039B $aEnthalten in $8--Obvc--. Cold war history. - London : Cass, 2000-. - Online-Ressource. - ISSN 1743-7962 $x201800000180003725 $9104512997 044K $#Sowjetunion $#UdSSR $#Советский Союз $#UdSSR $#SSSR $#Republik-Republik Kesatuan Soviet Sosialis $#Sojuz Sovetskich Socialističeskich Respublik $#Union der Sozialistischen Sowjet-Republiken $#Union der SSR $#Union of Soviet Socialist Republics $#USSR $#Union des Républiques Socialistes Soviétiques $#URSS $#Russland 1923-1991 $#Russia 1923-1991 $#Padomju Sociālistiko Republiku Savienība $#PSRS $#SSṘM $#ZSSR $#TSRS $#Savez Sovjetskih Socijalističkih Republika $#Soviet Union $#SSHM $#Sojuz Radjans'kich Sozialističnich Respublik $#SRSR $#Şyra Sosjalist Cumhyrijjẹtlẹri Ittifakĭ $#Šura Socialist Gümhurietleri Ittipaky $#Šura Sosyalist Ǧümhuriyetleri Ittifaqï $#SSCB $#Союз Советских Социалистических Республик $#СССР $74077548-3 $8Sowjetunion [Tgz] $9085219754 044K $RRelation $#Wechselbeziehung $#Beziehungen $74145198-3 $8Beziehung [Ts1] $9085577189 044K $RTaiwan $#中国 $#中國 $#Rotchina $#Zhongguo Diguo $#Zhongguo-Diguo $#Kaiserreich Zhongguo $#Zhongguo Volksrepublik $#Chung-kuo Renmin-Gongheguo $#Zhonghua-minguo 1911-1949 $#Chung-hua-min-kuo 1911-1949 $#China Renmin-Gongheguo $#Zhonghua-Renmin-Gongheguo $#Kaiserreich China $#China Diguo $#PRC $#Zhongguo Renmin-Gongheguo $#Shinkoku $#Chung-hua-jen-min-kung-ho-kuo $#Zhonghua Renmin-Gongheguo $#Zhongguo $#China Volksrepublik $#Volksrepublik China $#Zhongguo $#VR China $#China People's Republic $#People's Republic of China $#Zhong guo $#PRC People's Republic of China $#Zhonghua renmin gongheguo $#République populaire de Chine $#Chung-kuo kuo min cheng fu $#China Republic : 1912-1949 $#Chine $#KNR Kytajsʹkaja Narodnaja Respublika $#Zhongguo renmin gongheguo $#Chinese People's Republic $#Kytajsʹkaja Narodnaja Respublika $#Chinese People’s Republic $#Republic of China 1912-1949 $#Chung-hua min kuo 1912-1949 $#Chung-kuo $#中华人民共和国 $74009937-4 $8China [Tg1] $908501933X 044K $RSozialistische Staaten $ROsteuropa $#Warschauer Pakt $#Warschauer Pakt- Staaten $#Sowjetblock $#Ostblockstaaten $74075730-4 $8Ostblock [Tg1] $908521437X 044K $RKultur $#Ethnic relations $#Cultural relations $#Relations interethniques $#Relations culturelles $#Relaciones étnicas $#Relaciones culturales $#Interkulturelle Beziehungen $#kulturelle Beziehungen $#Kulturelle Beziehungen $#Kulturbeziehung $74033552-5 $8Kulturbeziehungen [Ts1] $9085089621 044K $RPolitik $RSicherheitspolitik $RInternationale Politik $RDiplomatie $#International relations $#Relations internationales $#Auswärtige Angelegenheiten $#Auswärtige Politik $#Außenbeziehungen Außenpolitik $74003846-4 $8Außenpolitik [Ts1] $9085002038 044K $RKulturveranstaltung $RMarkenwelt $#Exhibitions $#Expositions $#Sonderausstellung $#Ausstellungen $74129601-1 $8Ausstellung [Ts1] $9085454761 045F $a306.095109045 $eDDC23BSB 045F/01 $a306 045F/03 $f09045 045F/03 $g51 045F/03 $g4708 045F/03 $g437 045R $aGeschichte 1950-1960 lok: 50647020 78 exp: 50647020 78 1 #EPN 201B/01 $030-03-23 $t13:44:34.000 201C/01 $030-03-23 201U/01 $0utf8 203@/01 $01230267042 208@/01 $a30-03-23 $be 209A/01 $a/ $f000 $x00 209A/01 $ab*p $x01 209A/01 $aBetr. am Rande auch Polen, Ungarn und die Tschechoslowakei $x03 209A/01 $aEnglische Zusammenfassung, S. 275 $x04 220C/01 $apgar 244Z/01 $#Ostmitteleuropa $#Ostmitteleuropa $#Mitteleuropa, Ost $#Central Europe Ostmitteleuropa $#Mittelosteuropa $74075753-5 $8--Tg1--Ostmitteleuropa $x05 $9085214485 247C/01 $82080>Marburg/Lahn, Herder-Institut, Forschungsbibliothek, Bibliographieportal $9336309341
| LEADER | 00000caa a2200000 c 4500 | ||
|---|---|---|---|
| 001 | 506470202 | ||
| 003 | DE-603 | ||
| 005 | 20230330225257.0 | ||
| 007 | cr|||||||||||| | ||
| 008 | 230330s2018 xx |||| o| u00||u|eng c | ||
| 035 | |a (DE-599)HEB506470202 | ||
| 040 | |a DE-603 |b ger |c DE-603 |d DE-603 |e rda | ||
| 041 | |a eng | ||
| 082 | 0 | 4 | |8 1\u |a 306.095109045 |q DE-101 |2 23/BSB |
| 085 | |8 1\u |b 306 | ||
| 085 | |8 1\u |z 1 |s 09045 | ||
| 085 | |8 1\u |z 2 |s 51 | ||
| 085 | |8 1\u |z 2 |s 4708 | ||
| 085 | |8 1\u |z 2 |s 437 | ||
| 100 | 1 | |a Jersild, Austin |e Verfasser |4 aut |0 (DE-603)297822268 |0 (DE-588)173650996 |2 gnd | |
| 245 | 0 | 0 | |a Socialist exhibits and Sino-Soviet relations, 1950-60 |c Austin Jersild |
| 264 | 0 | |c 2018 | |
| 336 | |a Text |b txt |2 rdacontent | ||
| 337 | |a Computermedien |b c |2 rdamedia | ||
| 338 | |a Online-Ressource |b cr |2 rdacarrier | ||
| 648 | 7 | |a Geschichte 1950-1960 |2 gnd | |
| 650 | 7 | |a Beziehung |0 (DE-588)4145198-3 |0 (DE-603)085577189 |2 gnd | |
| 650 | 7 | |a Kulturbeziehungen |0 (DE-588)4033552-5 |0 (DE-603)085089621 |2 gnd | |
| 650 | 7 | |a Außenpolitik |0 (DE-588)4003846-4 |0 (DE-603)085002038 |2 gnd | |
| 650 | 7 | |a Ausstellung |0 (DE-588)4129601-1 |0 (DE-603)085454761 |2 gnd | |
| 651 | 7 | |a Sowjetunion |0 (DE-588)4077548-3 |0 (DE-603)085219754 |2 gnd | |
| 651 | 7 | |a China |0 (DE-588)4009937-4 |0 (DE-603)08501933X |2 gnd | |
| 651 | 7 | |a Ostblock |0 (DE-588)4075730-4 |0 (DE-603)08521437X |2 gnd | |
| 773 | 0 | 8 | |i Enthalten in |t Cold war history |d London : Cass, 2000- |h Online-Ressource |x 1743-7962 |g Band 18, Heft 3 (2018), Seite 275-289 |w (DE-603)104512997 |w (DE-600)2077986-0 |
| 856 | |u https://doi.org/10.1080/14682745.2018.1481047 |x Verlag | ||
| 924 | 1 | |9 2080 |a (DE-603)1230267042 |b DE-2080 |c HES |d d |g / | |


